000 00480nam a22001937a 4500
003 OSt
008 230328b |||||||| |||| 00| 0 eng d
020 _a9789353163549
082 _a658.15 JOF
100 _aROSS,Stephen A
245 _aFundamentals of Corporate Finance
250 _a11th Ed
260 _aNew Delhi
_bTMH
_c2020
300 _a913+MISC
650 _acorporate Finance
700 _aWESTERFIELD,Randolph W
700 _aJORDAN,Bradford D
942 _2ddc
_cREF
999 _c11914
_d11914